MARC

LEADER 00000nam0a2200000 4500
001 357999
005 20231102011040.0
035 |a (RuTPU)RU\TPU\retro\15267 
090 |a 357999 
100 |a 20200812d1896 km y0rusy50 ca 
101 0 |a rus 
102 |a RU 
105 |a a z 001zy 
200 1 |a Распространение нижне-меловых железосодержащих пород в области Засурских лесов  |e с 3 таблицами  |f П. Ососков 
210 |a Москва  |c Университетская типография  |d 1896 
215 |a 61 с.  |c ил. 
225 1 |a Материалы к познанию геологического строения Российской Империи  |v Вып. 1 
300 |a Текст в русской дореформенной орфографии 
316 |5 63413507: 108//530  |a На обложке дарственная надпись: "Многоуважаемому А. В. Лаврскому от автора. 18 8/X 96" 
317 |5 63413507: 108//530  |a Поступил в НТБ в 1945 г. в составе книжного собрания профессора ТПИ А. В. Лаврского 
320 |a Библиография в ссылках 
606 1 |a Меловые отложения  |2 stltpush  |3 (RuTPU)RU\TPU\subj\42061  |9 61820 
610 1 |a железосодержащие породы 
610 1 |a Среднее Поволжье 
610 1 |a геологические разрезы 
610 1 |a коренные породы 
610 1 |a железные руды 
610 1 |a добыча 
610 1 |a практическое использование 
610 1 |a Коллекция А. В. Лаврского 
610 1 |a дарственные надписи 
610 1 |a дары автора 
675 |a 551.763  |v 4 
700 1 |a Ососков  |b П. 
801 1 |a RU  |b 63413507  |c 20200812 
801 2 |a RU  |b 63413507  |c 20211119  |g RCR 
942 |c BK